000 00626nam a22001937a 4500
003 OSt
005 20251203094954.0
008 251203b |||||||| |||| 00| 0 eng d
020 _a 978-981-0695-92-7.
040 _aDWCL-Admin lib
_cOC
082 _aCirc. 511.1 J67d 2010
100 _a Johnsonbaugh, Richard
245 _aDiscrete mathematics /
_cRichard Johnsonbaugh
260 _a Singapore :
_bPearson Education South Asia Pte Ltd. ,
_cc2010
300 _a xvii, 766 p. :
_b ill. ;
_c24 cm.
504 _aIncludes bibliographical references and index.
650 _a1. Mathematics.
942 _2ddc
_cBK - FIL
_kFil.
_n0
999 _c6731
_d6731